000 00955naa a2200277 c 4500
001 35944
003 ES-MaCES
005 20060213101800.0
008 060213n2005 xxk t 000 | eng d
035 _aCES20060002068v
040 _aES-MaCES
_bspa
_cES-MaCES
100 1 _aAntkiewicz, Agata
_96353
245 1 0 _aChina's new regional trade agreements
_cAgata Antkiewicz, Hojn Whalley
504 _aBibliografía: p. 1556- 1557
610 2 4 _aOrganización Mundial del Comercio
_94761
650 4 _aChina
_926909
650 4 _aacuerdo internacional
_926683
650 4 _apolítica comercial
_927949
650 4 _acomercio internacional
_927958
653 1 0 _aComercio interno
700 1 _aWhalley, John
_926240
773 0 _tThe world economy
_gvol. 28, no. 10 (Oct. 2005){10214 R. 062614}; p. 1541- 1558
_w(ES-MaCES)25728
_970128
902 _aART Artículo de revista
942 _2CES
_cAR
_h0.0.
999 _c35944
_d35944